书目信息 |
| 题名: |
做一个专业的幼儿教师
|
|
| 作者: | 李岩 主编 | |
| 分册: | ||
| 出版信息: | 北京 教育科学出版社 2012 |
|
| 页数: | 196页 | |
| 开本: | 24cm | |
| 丛书名: | ||
| 单 册: | ||
| 中图分类: | G61-53 | |
| 科图分类: | ||
| 主题词: | 学前教育--文集 , 学前教育 | |
| 电子资源: | ||
| ISBN: | 978-7-5041-6588-6 | |
| 000 | 00931nam0 2200253 45 | |
| 001 | 1359669202 | |
| 005 | 20130529084556.85 | |
| 010 | @a978-7-5041-6588-6@dCNY29.80 | |
| 100 | @a20130513d2012 em y0chiy50 ea | |
| 101 | 0 | @achi |
| 102 | @aCN@b110000 | |
| 105 | @aa z 000yy | |
| 106 | @ar | |
| 200 | 1 | @a做一个专业的幼儿教师@AZuo Yi Ge Zhuan Ye De You Er Jiao Shi@f李岩主编@FLi Yan Zhu Bian |
| 210 | @a北京@c教育科学出版社@d2012 | |
| 215 | @a196页@c照片@d24cm | |
| 300 | @a全国幼儿教师培训用书 | |
| 330 | @a本书用60多个典型案例,结合作者们丰富的理论知识与实践经历,为教师、园长答疑解难。内容包括:幼儿园教育教学的有效性——兼谈幼儿教师的专业成长、幼儿园区角活动设计、幼儿园班级管理、幼儿园园本研修、幼儿园课程建构与有效教学等。 | |
| 606 | 0 | @a学前教育@j文集 |
| 606 | 0 | @a学前教育 |
| 690 | @aG61-53@v5 | |
| 701 | 0 | @a李岩@ALi Yan@c(教育)@4主编 |
| 801 | @aCN@bTANGWEI@c20130522 | |
| 905 | @b0832848-53@dG61-53@e235@f6 | |
| 做一个专业的幼儿教师/李岩主编.-北京:教育科学出版社,2012 |
| 196页:照片;24cm |
| 全国幼儿教师培训用书 |
| ISBN 978-7-5041-6588-6:CNY29.80 |
| 本书用60多个典型案例,结合作者们丰富的理论知识与实践经历,为教师、园长答疑解难。内容包括:幼儿园教育教学的有效性——兼谈幼儿教师的专业成长、幼儿园区角活动设计、幼儿园班级管理、幼儿园园本研修、幼儿园课程建构与有效教学等。 |
| ● |
| 相关链接 |
|
|
|
|
正题名:做一个专业的幼儿教师
索取号:G61-53/235
 
预约/预借
| 序号 | 登录号 | 条形码 | 馆藏地/架位号 | 状态 | 备注 |
| 1 | 0832848 | 208328488 | 第一样本阅览室/ [索取号:G61-53/235] | 在馆 | |
| 2 | 0832849 | 208328497 | 第四借阅区/ [索取号:G61-53/235] | 在馆 | |
| 3 | 0832850 | 208328503 | 教育系资料室/ [索取号:G61-53/235] | 在馆 | |
| 4 | 0832851 | 208328512 | 第四借阅区/ [索取号:G61-53/235] | 在馆 | |
| 5 | 0832852 | 208328521 | 教育系资料室/ [索取号:G61-53/235] | 在馆 | |
| 6 | 0832853 | 208328530 | 教育系资料室/ [索取号:G61-53/235] | 在馆 |